Sports Quiz

Random Sports or Basketball Quiz

NBA Most Dunks Since 2001 Quiz Stats

 Plays Quiz Updated May 26, 2016

Challenge
Share
Tweet
Embed
Score 0/154 Timer 07:00
0 Plays Today
% Correct
Shaquille O'Neal
95.3%
Shaquille O'Neal
95.3%
Shaquille O'Neal
95.3%
Shaquille O'Neal
95.3%
Shaquille O'Neal
95.3%
Shaquille O'Neal
95.3%
Lebron James
94.4%
Lebron James
94.4%
Lebron James
94.4%
LeBron James
94.2%
Dwight Howard
94%
Dwight Howard
94%
Dwight Howard
94%
Dwight Howard
94%
Dwight Howard
94%
Dwight Howard
94%
Dwight Howard
94%
LeBron James
93.1%
Jermaine O'Neal
93%
Jermaine O'Neal
93%
Dwight Howard
92.7%
LeBron James
92.6%
LeBron James
91.8%
Dwight Howard
90.5%
Blake Griffin
90%
Blake Griffin
89.9%
Dwight Howard
89.5%
DeAndre Jordan
87.7%
Blake Griffin
87.7%
Dwight Howard
87.4%
DeAndre Jordan
87.3%
DeAndre Jordan
87%
DeAndre Jordan
87%
Blake Griffin
86.5%
Kevin Durant
86.2%
Kevin Durant
85.8%
Kevin Durant
85.8%
Dwyane Wade
85%
Dwyane Wade
85%
Dwyane Wade
85%
Kevin Durant
84.6%
Pau Gasol
83.6%
Pau Gasol
83.6%
Pau Gasol
83.6%
Pau Gasol
83.6%
Pau Gasol
83.6%
Kobe Bryant
83.4%
Kevin Durant
82.6%
DeAndre Jordan
82.2%
Amare Stoudemire
79.8%
Amare Stoudemire
79.8%
Amare Stoudemire
79.8%
% Correct
Amare Stoudemire
79.8%
Amare Stoudemire
79.8%
Amare Stoudemire
79.8%
Amare Stoudemire
79.8%
Anthony Davis
79.8%
Anthony Davis
79.8%
Anthony Davis
79.7%
Carmelo Anthony
79.5%
Carmelo Anthony
79.5%
Carmelo Anthony
79.5%
Carmelo Anthony
79.5%
Anthony Davis
77.7%
DeAndre Jordan
75.1%
Ben Wallace
72.3%
Ben Wallace
72.3%
Ben Wallace
72.3%
Dwyane Wade
72.1%
Josh Smith
70.3%
Josh Smith
70.3%
Andre Drummond
69.5%
Andre Drummond
69.5%
Tim Duncan
68%
Yao Ming
66.9%
Andre Drummond
66.4%
Tyson Chandler
66.1%
Tyson Chandler
65.3%
Tyson Chandler
65.3%
Tyson Chandler
65.3%
Tyson Chandler
62.6%
Brook Lopez
60.6%
Brook Lopez
60.6%
Hassan Whiteside
60.2%
Andruw Bynum
59.2%
Andre Iguodala
57.3%
Andre Iguodala
57.3%
Andre Iguodala
57.3%
Andre Iguodala
57.3%
Andre Iguodala
57.3%
Andre Iguodala
57.3%
Andre Iguodala
57.3%
Andrew Bynum
56%
Tracy McGrady
56%
Shawn Marion
55.4%
Shawn Marion
55.4%
Shawn Marion
55.4%
Shawn Marion
55.4%
Nene Hilario
54.7%
Nene Hilario
54.7%
Nene Hilario
54.7%
Nene Hilario
54.7%
Nene Hilario
54.7%
Nene Hilario
54.7%
% Correct
Tyson Chandler
54%
LaMarcus Aldridge
52.9%
Richard Jefferson
52.5%
Richard Jefferson
52.5%
Richard Jefferson
52.5%
Alonzo Mourning
50.8%
Kenyon Martin
49.2%
Kenyon Martin
49.2%
Kenyon Martin
49.2%
Kenyon Martin
49.2%
Kenyon Martin
49.2%
Rudy Gobert
48.1%
Rudy Gay
47.8%
Andre Iguodala
47.7%
Rudy Gay
45.6%
JaVale McGee
45.6%
Tristan Thompson
45%
Nerlens Noel
43.7%
Nerlens Noel
43.7%
Giannis Antetokounmpo
43.3%
JaVale McGee
42.5%
Kenneth Faried
41.2%
Jabari Parker
40.8%
Emeka Okafor
40.4%
Emeka Okafor
40.4%
Emeka Okafor
40.4%
Kenneth Faried
39.3%
JaVale McGee
36%
Andrei Kirilenko
33.9%
Serge Ibaka
32.7%
Eddy Curry
30.3%
Eddy Curry
30.3%
Eddy Curry
30.3%
Derrick Favors
30.1%
Terrence Jones
28.8%
Timofey Mozgov
27.4%
Samuel Dalembert
22.8%
Samuel Dalembert
22.8%
Brendan Haywood
22.1%
Omer Asik
21%
Kris Humphries
20.4%
Mason Plumlee
13.9%
Erick Dampier
10.4%
Stromile Swift
10.2%
Darius Miles
9%
Mason Plumlee
8.3%
Ronnie Brewer
8.2%
Ronnie Brewer
8.2%
Chris Wilcox
4.5%
Kelvin Cato
3.5%

You're not logged in!

Compare scores with friends on all Sporcle quizzes.
Join for Free
OR
Log In

You Might Also Like...

Show Comments

Extras

Top Quizzes Today


Score Distribution

Your Account Isn't Verified!

In order to create a playlist on Sporcle, you need to verify the email address you used during registration. Go to your Sporcle Settings to finish the process.

Report this User

Report this user for behavior that violates our Community Guidelines.

Details: